00632nam a2200157Ia 450000500170000000800410001708200130005824500390007126000420011030000130015250001610016570000310032694200060035795200960036399900150045920250217052358.0240331s9999 xx 000 0 und d bMAHa954 4aThe Mahavamsa :bchapters XXV-XXIX aColombobM.D.Gunasena & Co. Ltdc1959 a128 p ., aThese Chapters (XXV-XXIX) of the Mahavamsa are especially prepared to help the students offering pali as a subject for the G.C.E. Advanced Level Examination aSamaranayake, D.P.R,.eedt cL 001040708LaWERCLbWERCLcSSCd2024-03-31l0o 954.9 MAHp192r2024-03-31w2024-03-31yL c3492d3492